00642cam a22002171 45000010005000000030008000050050017000130080039000300350018000690400041000870410008001280820021001361000050001572450040002072500011002472600044002583000026003025000057003285040020003856500019004056870BD-RjUL20211208234329.0140112q19001961nyu 001 0 eng a(BD-RjUL)6912 aDLC/ICUcICUdICUdDLCdBD-RjULbeng aeng00a512.81bMAT 19611 aMathews, G. B.q(George Ballard),d1861-1922.10aTheory of numbers /bG. B. Mathews. a2d ed. aNew York ;bChelsea Pub. Co. ,c[1961]. axii, 323 p. ;c21 cm. a"Originally published as Theory of numbers, part I." aIncludes index. 0aNumber theory.